000 00454nam a2200145 4500
001 109308
003 ES-MaACL
007 t|
008 061121s1969 ho r ||||1| spa d
245 0 0 _aMisión comercial de Honduras al área del Caribe.
260 _aTegucigalpa :
_bMinisterio de Economía y Hacienda,
_c1969.
300 _a41 f. ;
_c28 cm.
710 2 _aHonduras.
_bMinisterio de Economía y Hacienda.
_94590
852 _aES-MaACL
_jE-8220
_bR.92849
999 _c109308
_d109308